Meeting the challenge : memoirs by Kazakhstan's foreign minister.
| Main Author: | |
|---|---|
| Format: | Book |
| Published: |
Singapore:
Keppel Offshore & Marine,
2004.
|
| Subjects: |
| LEADER | 00542cam a2200169 7i4500 | ||
|---|---|---|---|
| 001 | 0000026583 | ||
| 005 | 20110817090000.0 | ||
| 020 | 0 | 0 | |a 9810520077 |
| 090 | 0 | 0 | |a B 327.58450092 |b TOK |
| 100 | 1 | 0 | |a Tokaev |
| 245 | 1 | 0 | |a Meeting the challenge : |b memoirs by Kazakhstan's foreign minister. |
| 260 | 0 | 0 | |a Singapore: |b Keppel Offshore & Marine, |c 2004. |
| 300 | # | # | |a 357 p. |
| 650 | 0 | 0 | |a Diplomats -- |x Biography -- |z Kazakhstan |
| 650 | 0 | 0 | |a Kazakhstan -- |x Foreign relations |
| 651 | 0 | 0 | |a Kazakhstan |
| 999 | |a 0000026405 |b Book |c Book |e Business Information Centre | ||


